LIBRARY & INFORMATION CENTRE, KCAET, TAVANUR

ONLINE PUBLIC ACCESS CATALOGUE (OPAC)

Last days of Pompe / (Record no. 779)

MARC details
000 -LEADER
fixed length control field 00379cam a2200157ua 4500
041 ## - LANGUAGE CODE
Language code of text/sound track or separate title eng
082 ## - DEWEY DECIMAL CLASSIFICATION NUMBER
Classification number 920
Item number LYT/LA
100 ## - MAIN ENTRY--AUTHOR NAME
Personal name Lytton, Lord .
245 ## - TITLE STATEMENT
Title Last days of Pompe /
260 ## - PUBLICATION, DISTRIBUTION, ETC. (IMPRINT)
Place of publication London :
Name of publisher Oxford University Press ,
Year of publication 1957.
300 ## - PHYSICAL DESCRIPTION
Number of Pages 160 ; .
942 ## - ADDED ENTRY ELEMENTS (KOHA)
Koha item type Books
Holdings
Withdrawn status Lost status Damaged status Home library Current library Date acquired Cost, normal purchase price Full call number Accession Number Koha item type Public note
Withdrawn     KAUAET Sanskrit University 07/04/2012 3.60 920 6545 Books Transferred to Sanskrit University
Withdrawn     KAUAET Sanskrit University 07/04/2012   920 11074 Books  
free website counter